Barbie Movies - Statistics

General Stats
  • This quiz has been taken 539 times
  • The average score is 5 of 8
Answer Stats
Hint Answer % Correct
has long hair Rapunzel
98%
12 sisters find stepping stones on their floor that open up this whole ass random place 12 dancing princesses
86%
one is poor one is rich Princess and the Pauper
81%
lives with a peacock island princess
76%
Hates Christmas but then likes Christmas A Christmas carol
68%
evil fairy kidnaps all these good fairies Fairytopia
65%
Connected, protected Diamond Castle
63%
has a magic horse that isn't called a horse Magic Pegasas
1%
No matching quizzes found
Score Distribution
Percent of People with Each Score
Percentile by Number Answered
Your Score History
You have not taken this quiz